000 00664nam a2200205 i 4500
001 60241
003 ES-MaACL
005 20250122114314.0
007 t|
008 031104s1985 sp ||||1| spa d
020 _a84-505-2688-4
110 1 _aEspaña.
_bDefensor del Pueblo.
_93683
245 1 0 _aInforme a las Cortes Generales
_b: 1984 /
_cDefensor del Pueblo ; [edición preparada por Diego López Garrido].
260 _aMadrid :
_bCortes Generales,
_c[1985]
300 _a476 p. ;
_c26 cm.
700 1 _aLópez Garrido, Diego.
_973667
852 _aES-MaACL
_jL-10555
_bR.111159
_962537
_zExpurgado: 22-1-2025
942 _2udc
999 _c60241
_d60241